000 01132cam a22003254a 4500
001 15774875
003 ARRUPE
005 20130917112412.0
008 090615s2008 rh b 000 0 eng
010 _a 2009334257
020 _z0797436534
040 _aDLC
_cDLC
042 _alcode
043 _af-rh---
050 0 0 _aBF575.G7
_bR347 2008
245 0 0 _aRainbow after a storm :
_bstories of loss, grief & healing /
_cNkala, Barbara C.
250 _a1st ed.
260 _aHarare :
_bRadiant Publishing Company,
_cc2008.
300 _a178 p. ;
_c19 cm.
650 0 _aGrief
_zZimbabwe.
_9192
650 0 _aBereavement
_zZimbabwe.
_9193
650 0 _aGrief
_xReligious aspects
_xChristianity.
_9194
650 0 _aBereavement
_xReligious aspects
_xChristianity.
_9195
650 0 _aLoss (Psychology)
_9196
650 0 _aLoss (Psychology)
_xReligious aspects
_xChristianity.
_9197
700 1 _aNkala, Barbara.
_9198
906 _a7
_bcbc
_corigode
_d3
_encip
_f20
_gy-gencatlg
942 _2lcc
_cMONOGRAPH
999 _c117796
_d117796